Sports Quiz

Random Sports or Football Quiz

Who Won Trophies Between Man City's? Quiz Stats

Quiz Updated May 13, 2013

Challenge
Share
Tweet
Embed
Score 0/24 Timer 07:00
0 Plays Today
Last win Club % Correct
2011Manchester United (Premier League, a few hours before City won the FA Cup the same day)
97.6%
2010Chelsea (FA Cup)
96.3%
2005Arsenal (FA Cup)
94.9%
2006Liverpool (FA Cup)
94.1%
2008Tottenham Hotspur (League Cup)
86.1%
1995Everton (FA Cup)
80.3%
1996Aston Villa (League Cup)
75.5%
2002Blackburn Rovers (League Cup)
71.1%
1992Leeds United (Football League First Division)
70.2%
1980West Ham United (FA Cup)
69.8%
2008Portsmouth (FA Cup)
65.8%
1990Nottingham Forest (League Cup)
58.2%
Last win Club % Correct
1976Southampton (FA Cup, a few weeks after Manchester City's League Cup win)
53.1%
1980Wolverhampton Wanderers (League Cup)
51.8%
2011Birmingham City (League Cup)
50.6%
1985Norwich City (League Cup)
46.7%
2000Leicester City (League Cup)
46.2%
1988Wimbledon (FA Cup)
44.2%
2004Middlesbrough (League Cup)
43.6%
1991Sheffield Wednesday (League Cup)
42.7%
1981Ipswich Town (UEFA Cup)
41.9%
1987Coventry City (FA Cup)
36.9%
1988Luton Town (League Cup)
22.9%
1986Oxford United (League Cup)
19.3%

You're not logged in!

Compare scores with friends on all Sporcle quizzes.
Sign Up with Email
OR
Log In

You Might Also Like...

Show Comments

Extras

Top Quizzes Today


Score Distribution

Your Account Isn't Verified!

In order to create a playlist on Sporcle, you need to verify the email address you used during registration. Go to your Sporcle Settings to finish the process.